LEADER 01049nam a22002891i 4500 001 991004064329707536 005 20031008134009.0 008 031111s1975 it |||||||||||||||||ita 035 $ab12514329-39ule_inst 035 $aARCHE-054759$9ExL 040 $aDip.to Lingue$bita$cA.t.i. Arché s.c.r.l. Pandora Sicilia s.r.l. 082 04$a833.91 082 04$a838.91 100 1 $aBrecht, Bertolt$036137 245 10$aNote ai drammi e alle regie /$cBertolt Brecht ; introduzione di Emilio Castellani 260 $aTorino :$bEinaudi,$c1975 300 $aXI, 281 p. ;$c22 cm 440 0$aScritti teatrali ;$v3 440 0$aSaggi [Einaudi] ;$v541 650 4$aTeatro$ySec. 20.$xSaggi 700 1 $aCastellani, Emilio 907 $a.b12514329$b02-04-14$c13-11-03 912 $a991004064329707536 945 $aLE012 838.91 BRE 33$cV. 3$g1$i2012000212206$lle012$o-$pE0.00$q-$rl$s- $t0$u1$v0$w1$x0$y.i12953143$z13-11-03 996 $aNote ai drammi e alle regie$9185083 997 $aUNISALENTO 998 $ale012$b13-11-03$cm$da $e-$fita$git $h0$i1 LEADER 01228nam a2200337 i 4500 001 991001225769707536 005 20020507113119.0 008 970308s1977 at ||| | eng 020 $a321181437X 035 $ab10191070-39ule_inst 035 $aLE00644224$9ExL 040 $aDip.to Fisica$bita 084 $a53(082.2) 084 $a53(091) 084 $a53.1.4 084 $a530.1'24 084 $aQC174.26.W28I57 111 2 $aInternational Symposium on 50 years Schrödinger equation$0463790 245 14$aThe Schrödinger equation :$bproceedings of the International Symposium held in Vienna, 10th-12th June 1976 /$cedited by W. Thirring and P. Urban 260 $aWien :$bSpringer-Verlag,$c1977 300 $a224 p. :$bill. ;$c25 cm. 490 0 $aActa Physica Austriaca. Supplementum ;$v17 650 4$aSchrödinger equation$xCongresses 700 1 $aThirring, W. 700 1 $aUrban, Paul 907 $a.b10191070$b17-02-17$c27-06-02 912 $a991001225769707536 945 $aLE006 53.1.4 THI$g1$i2006000042161$lle006$o-$pE0.00$q-$rl$s- $t0$u0$v0$w0$x0$y.i10235735$z27-06-02 996 $aSchrödinger equation$9189939 997 $aUNISALENTO 998 $ale006$b01-01-97$cm$da $e-$feng$gat $h4$i1 LEADER 02744nam 2200685Ia 450 001 996208041203316 005 20240424225755.0 010 $a1-282-81954-2 010 $a9786612819544 010 $a1-897425-18-X 035 $a(CKB)2550000000004321 035 $a(EBL)617512 035 $a(OCoLC)248953067 035 $a(SSID)ssj0000412612 035 $a(PQKBManifestationID)11250358 035 $a(PQKBTitleCode)TC0000412612 035 $a(PQKBWorkID)10370192 035 $a(PQKB)10437974 035 $a(CaBNvSL)slc00221944 035 $a(CaPaEBR)424002 035 $a(Au-PeEL)EBL617512 035 $a(CaPaEBR)ebr10290424 035 $a(oapen)https://directory.doabooks.org/handle/20.500.12854/41896 035 $a(VaAlCD)20.500.12592/rk6vv9 035 $a(MiAaPQ)EBC617512 035 $a(MiAaPQ)EBC3260525 035 $a(EXLCZ)992550000000004321 100 $a20090805d2008 uy 0 101 0 $aeng 135 $aurmn#---||||| 181 $ctxt$2rdacontent 182 $cc$2rdamedia 183 $acr$2rdacarrier 200 10$aBefore and after radical prostate surgery$b[electronic resource] $einformation and resource guide /$fVirginia Vandall-Walker 205 $aThird edition. 210 $aEdmonton $cAU Press$dc2008 215 $a1 online resource (56 pages) $cillustrations; digital, PDF file(s) 300 $aDescription based upon print version of record. 311 $a1-897425-17-1 320 $aIncludes bibliographical references. 327 $aBefore surgery, at home --Before surgery, in hospital --The surgery --After surgery, in hospital --After surgery, at home. 330 $aBefore and After Radical Prostate Surgery is a research-based, comprehensive, and comprehensible resource on prostate surgery in Canada. Aimed at men with concerns about prostate surgery and their partners, this invaluable guide includes chapters on preparing for prostate surgery, the surgery itself, recovery in hospital and at home, a list of recommended resources, and special sections to record personal notes and important contact information. 606 $aProstate$xCancer$xSurgery$vPopular works 606 $aPatient education 610 $aprostate surgery 610 $amens health 610 $acancer 615 0$aProstate$xCancer$xSurgery 615 0$aPatient education. 676 $a616.99463 700 $aVandall-Walker$b Virginia$f1950-$0801127 701 $aMoore$b Katherine N$g(Katherine Nancy),$f1946-$01240218 701 $aPyne$b Diane$f1956-$0801126 801 0$bMiAaPQ 801 1$bMiAaPQ 801 2$bMiAaPQ 906 $aBOOK 912 $a996208041203316 996 $aBefore and after radical prostate surgery$92877231 997 $aUNISA